Implementing, managing, and mantaining a Microsoft Windows ServerTM 2003 network infrastructure (70-291) (Record no. 11600)

MARC details
000 -LEADER
fixed length control field 00660nam a22002057a 4500
003 - CONTROL NUMBER IDENTIFIER
control field mut
005 - DATE AND TIME OF LATEST TRANSACTION
control field 20240606081202.0
008 - FIXED-LENGTH DATA ELEMENTS--GENERAL INFORMATION
fixed length control field 170913b xxu||||| |||| 00| 0 eng d
020 ## - INTERNATIONAL STANDARD BOOK NUMBER
International Standard Book Number 0072944889
040 ## - CATALOGING SOURCE
Transcribing agency mut
050 ## - LIBRARY OF CONGRESS CALL NUMBER
Classification number QA 76.3
Item number .H3 2004
100 ## - MAIN ENTRY--PERSONAL NAME
Personal name Hall, Michael D.
245 ## - TITLE STATEMENT
Title Implementing, managing, and mantaining a Microsoft Windows ServerTM 2003 network infrastructure (70-291)
260 ## - PUBLICATION, DISTRIBUTION, ETC.
Place of publication, distribution, etc. Redmond
Name of publisher, distributor, etc. Micrsosoft Press
Date of publication, distribution, etc. 2004
650 ## - SUBJECT ADDED ENTRY--TOPICAL TERM
Topical term or geographic name entry element Microsoft Windows server
650 ## - SUBJECT ADDED ENTRY--TOPICAL TERM
Topical term or geographic name entry element Microsoft software
General subdivision Examinations
Form subdivision Study guides
650 ## - SUBJECT ADDED ENTRY--TOPICAL TERM
Topical term or geographic name entry element Computer networks
General subdivision Study guides
Form subdivision Examinations
700 ## - ADDED ENTRY--PERSONAL NAME
Personal name Smith, Tony
942 ## - ADDED ENTRY ELEMENTS (KOHA)
Source of classification or shelving scheme Library of Congress Classification
Koha item type Books
Holdings
Withdrawn status Lost status Source of classification or shelving scheme Damaged status Not for loan Home library Current library Shelving location Date acquired Total checkouts Full call number Barcode Date last seen Price effective from Koha item type
    Library of Congress Classification     Murang'a University of Technology Library Murang'a University of Technology Library General stacks 13/09/2017   QA 76.3 .H3 2004 012149 30/08/2024 13/09/2017 Books